000 00734nam a22001937a 4500
999 _c13458
_d13458
008 190323b ||||| |||| 00| 0 eng d
020 _a9781783981892
082 _22014
_aAV-Eb 005.2762
_bS128
100 _aSafronov, Mark.
_937663
245 _aWeb application development with Yii 2 and PHP /
_cMark Safronov and Jeffrey Winesett.
260 _bPackt Publishing Ltd,
_c©2014.
300 _a458 pages;
500 _aIncludes index.
650 _aApplication software -- Development.
_910602
650 _aPHP (Computer program language) Web sites -- Design.
_937664
700 _aWinesett, Jeffrey.
_937665
856 _yhttps://ebookcentral.proquest.com/lib/uniofmindanao-ebooks/detail.action?docID=1800650
942 _2ddc
_cEB